| 000 | 00528nam a2200157Ia 4500 | ||
|---|---|---|---|
| 999 |
_c21966 _d21966 |
||
| 082 | _aRF.0005 | ||
| 100 | _aFadnavis, Mrunalini | ||
| 245 | 0 | _aSurvey of resettlement with alternative livelihood for PAPs of Gosikhurd irrigation project | |
| 260 |
_c2004 _bIndian Council of Social Science Research, New Delhi |
||
| 300 | _a73 | ||
| 504 | _aIncludes bibliography | ||
| 650 | _aGosikhurd Irrigation Project | ||
| 650 |
_aRehabilitation, Rural _zMaharashtra _zBhandara District |
||
| 700 | _aDeshpande, Prachi | ||
| 942 |
_cRP _2ddc |
||